[Event "Abu Dhabi Masters op"]
[Site "Abu Dhabi"]
[Date "1999.08.28"]
[Round "7"]
[White "Vakhidov, Tahir"]
[Black "Guliev, Logman"]
[Result "1-0"]
[WhiteElo "2467"]
[BlackElo "2425"]

1.d4 Nf6 2.Nf3 g6 3.c4 Bg7 4.g3 O-O 5.Bg2 d6 6.O-O Nbd7 7.Nc3 e5 8.h3 c6
9.e4 Qb6 10.Re1 exd4 11.Nxd4 Ne8 12.Nf3 Ne5 13.Nxe5 dxe5 14.Qa4 Nc7 15.Be3 Qa6
16.Qxa6 Nxa6 17.Rad1 Be6 18.Bf1 Rfe8 19.a3 Bf8 20.b4 f6 21.Rd2 Nc7 22.Na4 a5
23.Nc5 axb4 24.axb4 b6 25.Nd7 Bxd7 26.Rxd7 Ne6 27.b5 Bc5 28.bxc6 Rac8 29.h4 Bxe3
30.Rxe3 Rxc6 31.Bh3 Nc5 32.Ra7 Rd6 33.Rea3 Rf8 34.h5 Nxe4 35.Bg2 f5 36.Bxe4 fxe4
37.h6 g5 38.Rg7+ Kh8 39.Raa7 Rxh6 40.Rxg5 e3 41.fxe3 Rg8 42.Rxg8+ Kxg8 43.Rc7 Rf6
44.Kg2 Rf7 45.Rc6 Rb7 46.Kf3 Kf8 47.Ke4 Ke8 48.Kxe5 b5 49.Re6+ Kd7 50.cxb5 Rxb5+
51.Kf6 h5 52.Re5 Rb4 53.Rxh5 Rg4 54.Rg5 Re4 55.Rd5+ Kc7 56.Rd4 Rxe3 57.g4  1-0

[Event "JUG-chT playoff"]
[Site "Vrnjacka Banja"]
[Date "1999.08.30"]
[Round "2"]
[White "Blagojevic, Dragisa"]
[Black "Bakic, Rados"]
[Result "1-0"]
[WhiteElo "2446"]
[BlackElo "2414"]

1.d4 Nf6 2.c4 g6 3.Nf3 Bg7 4.g3 O-O 5.Bg2 d6 6.O-O c5 7.b3 Nc6 8.Bb2 Ne4
9.e3 Bg4 10.Qc1 Bxf3 11.Bxf3 Ng5 12.Bxc6 bxc6 13.dxc5 Bxb2 14.Qxb2 dxc5 15.f4 Ne4
16.Qc2 f5 17.Nc3 Nxc3 18.Qxc3 Qc7 19.e4 Rad8 20.exf5 Rxf5 21.Rae1 Rd4 22.Qe3 Kf8
23.Rf2 Qd6 24.Rfe2 Rf7 25.Qc3 Kg8 26.Re6 Qd7 27.R1e2 Rd1+ 28.Kg2 Rb1 29.Qd2 Qc7
30.Qe3 Qd7 31.Rd2 Qc7 32.Qxc5 Kg7 33.Rde2 Kf8 34.Rxc6 Qd7 35.Rc8+ Kg7 36.Qe5+ Kh6
37.Rg8 Qc6+ 38.Kh3 Qd7+ 39.g4  1-0

[Event "JUG-chT playoff"]
[Site "Vrnjacka Banja"]
[Date "1999.08.30"]
[Round "2"]
[White "Drasko, Milan"]
[Black "Strikovic, Aleksa"]
[Result "1-0"]
[WhiteElo "2509"]
[BlackElo "2518"]

1.d4 Nf6 2.c4 g6 3.Nf3 Bg7 4.g3 O-O 5.Bg2 d6 6.O-O Nbd7 7.Qc2 e5 8.Rd1 Re8
9.e4 c6 10.Nc3 exd4 11.Nxd4 Qe7 12.b3 Nc5 13.f3 a5 14.Rb1 Nfd7 15.Nce2 h5
16.h3 Nf8 17.Bb2 h4 18.g4 Nh7 19.Qd2 Ng5 20.Re1 Bd7 21.Rbd1 Qd8 22.Nc3 a4
23.b4 Nce6 24.Nce2 Qb6 25.Kh1 Nxd4 26.Bxd4 Bxd4 27.Nxd4 Ne6 28.Nf5 gxf5 29.gxf5 Ng7
30.f6 Re5 31.Qh6 Nh5 32.f4 Qf2 33.fxe5 Bxh3 34.Rg1 Ng3+ 35.Kh2  1-0

[Event "JUG-chT playoff"]
[Site "Vrnjacka Banja"]
[Date "1999.09.01"]
[Round "4"]
[White "Blagojevic, Dragisa"]
[Black "Vukic, Milan"]
[Result "1/2-1/2"]
[WhiteElo "2446"]
[BlackElo "2495"]

1.d4 Nf6 2.c4 d6 3.Nf3 g6 4.g3 Bg7 5.Bg2 O-O 6.O-O c6 7.Nc3 Qa5 8.e4 e5 9.h3 exd4
10.Nxd4 Qc5 11.Nb3 Qb4 12.Re1 a5 13.Nd4 Ne8 14.Bf1 a4 15.Nc2 Qa5 16.Bd2 Qb6
17.Rb1 Nd7 18.Bg5 a3 19.Be3 Qc7 20.Bd4 axb2 21.Bxg7 Nxg7 22.Rxb2 Nc5 23.Ne3 f5
24.exf5 Bxf5 25.Rd2 Rad8 26.Nxf5 Nxf5 27.Bd3 Qf7 28.Bxf5 Qxf5 29.h4 Rf6 30.Re3 Re6
31.Rxe6 Qxe6 32.Rd4 Qe5 33.Qd2 Kg7 34.Kg2 Rd7 35.Kg1 Rd8 36.Kg2  1/2-1/2

[Event "EU-ch U16"]
[Site "Litohoto"]
[Date "1999.09.04"]
[Round "2"]
[White "Izoria, Zviad"]
[Black "Mach, Petr"]
[Result "1-0"]
[WhiteElo "2272"]
[BlackElo "2190"]

1.d4 Nf6 2.Nf3 g6 3.c4 Bg7 4.g3 d6 5.Bg2 O-O 6.Nc3 c6 7.O-O Qa5 8.e4 Bg4
9.h3 Bxf3 10.Bxf3 e5 11.d5 c5 12.a3 a6 13.Rb1 Nbd7 14.Be2 Ne8 15.h4 Qd8 16.h5 f5
17.hxg6 hxg6 18.Kg2 Qf6 19.Qd3 Nc7 20.b4 cxb4 21.axb4 a5 22.c5 axb4 23.cxd6 Na6
24.Qb5 Qxd6 25.Na4 Rfc8 26.Be3 f4 27.Bb6 Nf6 28.Bd3 Bf8 29.Rfc1 Nd7 30.Ba5 Rxc1
31.Rxc1 f3+ 32.Kg1 Nac5 33.Nxc5 Nxc5 34.Bxb4 b6 35.Bxc5 bxc5 36.Bf1 Rb8 37.Qd3 Qf6
38.Rc3 Rb4 39.Bh3 Kg7 40.Qxf3 Qxf3 41.Rxf3 Rxe4 42.Be6 Bd6 43.Rf7+ Kh6 44.Rd7 Bf8
45.Rd8 Be7 46.Re8 Bd6 47.Rc8 Rd4 48.Rc6 Be7 49.Bf5 Kg5 50.Bxg6 Rxd5 51.Be4 Rd6
52.Rc7 Rd4 53.f3 Bd6 54.Rc8 Rd2 55.Kf1 Kf6 56.Ke1 Rg2 57.g4 Rb2 58.Rc6 Ke6
59.g5 c4 60.Rxc4 Bf8 61.Rc6+ Kf7 62.g6+ Kg8 63.Rc7 Bb4+ 64.Kf1 Rd2 65.Bf5 Rd6
66.Bc2  1-0

[Event "CRO-chT"]
[Site "Pula"]
[Date "1999.09.09"]
[Round "1"]
[White "Biliskov, Vjekoslav"]
[Black "Muse, Drazen"]
[Result "1-0"]
[WhiteElo "2320"]
[BlackElo "2372"]

1.Nf3 g6 2.d4 Bg7 3.c4 Nf6 4.g3 O-O 5.Bg2 d6 6.O-O Nbd7 7.Nc3 e5 8.h3 c6
9.e4 Qa5 10.Re1 exd4 11.Nxd4 Ne5 12.Bf1 Be6 13.Nxe6 fxe6 14.Be3 a6 15.f4 Nf7
16.Qb3 b5 17.a3 Rab8 18.c5 d5 19.e5 Nd7 20.Qc2 Qd8 21.Ne2 Qe7 22.Nd4 Rbc8
23.b4 g5 24.Bd3 gxf4 25.gxf4 Kh8 26.Kh1 Qh4 27.Nxe6 Ndxe5 28.Bf1 Nf3 29.Qg2 Bxa1
30.Rxa1 Qf6 31.Qxf3 Qxe6 32.Bd4+ Kg8 33.Bd3 Ng5 34.Rg1 h6 35.Qh5 Rxf4 36.Rxg5+ hxg5
37.Qxg5+ Kf7 38.Qxf4+  1-0

[Event "EU-ch U18"]
[Site "Litohoto"]
[Date "1999.09.10"]
[Round "8"]
[White "Vavrak, Peter"]
[Black "Szelag, Marcin"]
[Result "0-1"]
[WhiteElo "2323"]
[BlackElo "2389"]

1.d4 Nf6 2.Nf3 g6 3.g3 Bg7 4.Bg2 O-O 5.c4 d6 6.O-O Nc6 7.d5 Na5 8.Nfd2 c5
9.a3 Nd7 10.Ra2 Ne5 11.Qc2 Bd7 12.h3 b5 13.cxb5 Bxb5 14.Nc3 Qb6 15.f4 Nec4
16.Nxb5 Qxb5 17.Nxc4 Nxc4 18.Be4 Na5 19.a4 Qb3 20.Qxb3 Nxb3 21.Bd3 Rfb8 22.Be3 Rb4
23.Kf2 Rab8 24.Rb1 e6 25.dxe6 fxe6 26.Bc2 Kf7 27.Ke1 a6 28.Kd1 c4 29.Ra3 d5
30.Bf2 Na5 31.Ra2 Bxb2 32.Be1 c3 33.Bd3 Rc8 34.Kc2 Rc6 35.e3 Nc4 36.Bxc4 Rbxc4
37.Rd1 Ke7 38.Rd3 Kd6 39.g4 R6c5 40.h4 Kc6 41.Rd1 Re4 42.Rd3 a5 43.h5 Rcc4
44.h6 d4 45.Bf2 e5  0-1

[Event "EU-ch U16 Girls"]
[Site "Litohoto"]
[Date "1999.09.10"]
[Round "8"]
[White "Goczo, Melinda"]
[Black "Gara, Anita"]
[Result "1/2-1/2"]
[WhiteElo "2226"]
[BlackElo "2260"]

1.d4 Nf6 2.Nf3 g6 3.g3 Bg7 4.Bg2 O-O 5.c4 d6 6.O-O Nc6 7.d5 Na5 8.Nfd2 c5
9.Nc3 a6 10.Rb1 Rb8 11.b4 cxb4 12.Rxb4 Qc7 13.Bb2 Bd7 14.Qa1 Bh6 15.e3 Bf5
16.Na4 b5 17.cxb5 axb5 18.Rc1 Qd7 19.Nc3 Rfc8 20.Bf1 Ng4 21.Bxb5 Qa7 22.Nd1 Rxc1
23.Qxc1 Rc8 24.Nc4 Bd3 25.Bd4 Qxd4 26.exd4 Bxc1 27.Nxa5 Bd2 28.Bxd3 Bxb4
29.Nc6 Kf8 30.Nxb4 Rc1 31.Be2 Nf6 32.Kg2 Rb1 33.Nc2 Nxd5 34.Nde3 Nc3 35.Bc4 Rb2
36.a3 d5 37.Bd3 e6 38.Kf3 Rb3 39.h4 Nb1 40.Ke2 Nxa3 41.Nxa3 Rxa3 42.Ng4 Ke7
43.Ke3 Ra4 44.f4 Ra8 45.Ne5 Rf8 46.Nf3 Kd6 47.Ng5 h6 48.Nf3 Kc7 49.Ne5 Kd6
50.g4 Kc7 51.f5 gxf5 52.gxf5 exf5 53.Kf4 f6 54.Nf3 Re8 55.h5 Rg8 56.Bxf5 Kd6
57.Bg6 Ke6 58.Nh4 Ra8 59.Nf5 Ra4 60.Ke3 Ra3+ 61.Kd2 Ra2+ 62.Kc3 Rh2 63.Nxh6 f5
64.Nxf5 Kf6 65.Kb4 Ke6 66.Nh6 Rh4 67.Kc5 Rh1 68.Bf7+ Kf6 69.Bxd5 Rxh5 70.Ng8+ Kg7
71.Ne7 Kf6 72.Nc6 Rh2 73.Kd6 Rd2 74.Be4 Re2 75.Bd5 Rd2 76.Be6 Rd1 77.d5 Rd2
78.Ne5 Rd1 79.Nd7+ Kg5 80.Ke7 Kf4  1/2-1/2

[Event "EU-ch U16 Girls"]
[Site "Litohoto"]
[Date "1999.09.10"]
[Round "8"]
[White "Khusnutdinova, Luiza"]
[Black "Srebrnic, Ana"]
[Result "1-0"]
[WhiteElo "2221"]
[BlackElo "2161"]

1.d4 d6 2.Nf3 g6 3.g3 Bg7 4.Bg2 Nf6 5.c4 O-O 6.O-O Nc6 7.Nc3 a6 8.e4 Bg4
9.Be3 Nd7 10.Qd2 Bxf3 11.Bxf3 e5 12.dxe5 Ndxe5 13.Be2 Qd7 14.Kg2 Ng4 15.Bf4 Nd4
16.Bd1 Nc6 17.h3 Nf6 18.Bc2 Nb4 19.Bb3 a5 20.Rae1 Rfe8 21.a3 Nc6 22.Bc2 Rad8
23.Bg5 Rb8 24.b3 Nd4 25.Bd1 Ne6 26.Be3 b6 27.f3 h5 28.Bc2 Rbd8 29.Rd1 Qc8
30.Nd5 Nd7 31.Rde1 c5 32.f4 Bd4 33.f5 Bxe3 34.Qxe3 Nd4 35.fxg6 fxg6 36.Qg5 Ne5
37.Nf6+ Kg7 38.Nxh5+ Kh7 39.Nf6+  1-0

[Event "CRO-chT"]
[Site "Pula"]
[Date "1999.09.12"]
[Round "4"]
[White "Dizdar, Goran"]
[Black "Ljubicic, Filip"]
[Result "1/2-1/2"]
[WhiteElo "2549"]
[BlackElo "2370"]

1.d4 d6 2.Nf3 Nf6 3.c4 g6 4.g3 Bg7 5.Bg2 O-O 6.O-O Nbd7 7.Nc3 e5 8.e4 c6
9.h3 Qa5 10.Re1 exd4 11.Nxd4 Ne5 12.Bf1 Be6 13.Nxe6 fxe6 14.Kg2 Nf7 15.Be3 e5
16.Qb3 c5 17.Rad1 Qc7 18.f3 a6 19.Qa3 Bh6 20.Bxh6 Nxh6 21.b4 b6 22.Rd3 Nf7
23.Red1 Nd7 24.Nd5 Qd8 25.h4 Kg7 26.Qb2 cxb4 27.Qxb4 Nc5 28.Ra3 Rb8 29.Qd2 Qd7
30.Kh2 Nd8 31.Bh3 Qf7 32.Ne3 Ndb7 33.Rb1 Kh8 34.Nd5 Na5 35.Qc3  1/2-1/2

[Event "Artek olJ"]
[Site "Artek"]
[Date "1999.09.15"]
[Round "5"]
[White "Guseinov, Elmir"]
[Black "Jobava, Baadur"]
[Result "1-0"]
[WhiteElo "2301"]
[BlackElo "2330"]

1.d4 Nf6 2.c4 g6 3.g3 Bg7 4.Bg2 O-O 5.Nf3 d6 6.O-O Nbd7 7.Qc2 c6 8.Rd1 Qc7
9.Nc3 e5 10.e4 exd4 11.Nxd4 Re8 12.b3 a6 13.Bf4 Ne5 14.h3 Rb8 15.a4 b6 16.Rd2 Bb7
17.Rad1 Rbd8 18.Be3 c5 19.Nde2 Nc6 20.Bf4 Ne5 21.Bg5 h6 22.Be3 Nc6 23.Bf4 Ne5
24.Be3 Qb8 25.f3 Nc6 26.Qc1 Kh7 27.Kh1 Ba8 28.g4 Nd7 29.Bf2 Nf8 30.Bh4 g5
31.Bg3 Be5 32.Nd5 Ng6 33.Bxe5 Rxe5 34.Ng3 Nd4 35.Nf6+ Kh8 36.Qc3 b5 37.axb5 axb5
38.Nf5 Nf4 39.Nxd4 cxd4 40.Qxd4 Kg7 41.Qxe5 dxe5 42.Rxd8 Qa7 43.R1d6 Ne6
44.Nh5+ Kh7 45.R8d7 Qa1+ 46.Rd1 Qa2 47.Rxf7+ Kg8 48.Rdd7 Qa1+ 49.Kh2  1-0

[Event "CRO-chT"]
[Site "Pula"]
[Date "1999.09.16"]
[Round "7"]
[White "Muse, Drazen"]
[Black "Jovanovic, Sasa D"]
[Result "1/2-1/2"]
[WhiteElo "2372"]
[BlackElo "2354"]

1.d4 Nf6 2.Nf3 g6 3.c4 Bg7 4.g3 O-O 5.Bg2 d6 6.Nc3 c5 7.d5 Na6 8.O-O Nc7
9.h3 Rb8 10.a4 b6 11.e4 e5 12.Ne1 Nh5 13.Nd3 f5 14.exf5 Bxf5 15.Ne4 Qd7 16.Kh2 Rbe8
17.Be3 Nf4 18.Bxf4 exf4 19.Re1 fxg3+ 20.fxg3 h5 21.Qd2 Qd8 22.Re2 Bd4 23.Rae1 Kg7
24.Kh1 Rh8 25.Qf4 Rhf8 26.Qd2 h4 27.gxh4 Rh8 28.Ng3 Bxd3 29.Qxd3 Qxh4 30.Re4 Rxe4
31.Rxe4 Qf6 32.Rg4 Be5 33.Ne4 Qf5 34.Qe2 Rf8 35.b3 Ne8 36.h4 Nf6 37.Nxf6 Rxf6
38.Be4 Qf1+ 39.Qxf1 Rxf1+ 40.Kg2 Rc1 41.Rxg6+ Kf7 42.h5 Rc3 43.h6 Rxb3 44.Re6 Rg3+
45.Kf2 Rg4 46.Bd3 Rg8 47.Ke2 Rg2+ 48.Kf1 Rg3 49.Bc2 Rg4 50.Bh7 Rf4+ 51.Ke2 Rf6
52.Kd3 Rxe6 53.dxe6+ Kxe6 54.Ke4 Bc3 55.Bg8+ Kf6 56.Kd5 Kg6 57.h7 Kg7  1/2-1/2

[Event "CRO-chT (Women)"]
[Site "Pula"]
[Date "1999.09.17"]
[Round "8"]
[White "Medic, Mirjana"]
[Black "Dokmanovic, Nina"]
[Result "1-0"]
[WhiteElo "2312"]
[BlackElo "2109"]

1.d4 Nf6 2.c4 g6 3.Nf3 Bg7 4.g3 O-O 5.Bg2 d6 6.O-O Nbd7 7.Nc3 e5 8.Qc2 a6
9.Rd1 Ng4 10.dxe5 Ngxe5 11.Nxe5 Bxe5 12.Bh6 Re8 13.Qd2 Nc5 14.Be3 Ne6 15.f4 Bg7
16.Bf2 f5 17.e4 fxe4 18.Nxe4 Bd7 19.Nc3 Bc6 20.Nd5 a5 21.Re1 Nc5 22.Rxe8+ Bxe8
23.Bd4 Bf7 24.Bxg7 Bxd5 25.Bc3 Be6 26.Qd4 Kf8 27.Qg7+ Ke8 28.Qxh7 Qe7 29.Qxg6+ Kd7
30.f5 Bxc4 31.Re1 Qf7 32.b3 Qxg6 33.fxg6 Be6 34.h4 Rg8 35.g7 Bf7 36.Kh2 c6
37.g4 Nd3 38.Rf1 Ke8 39.h5 Ne5 40.Bxe5 dxe5 41.h6 Bg6 42.Re1 Kf7 43.Rxe5 Rd8
44.Kg3 a4 45.bxa4 Rd4 46.Re2  1-0

[Event "Artek olJ"]
[Site "Artek"]
[Date "1999.09.19"]
[Round "8"]
[White "Gagunashvili, Merab"]
[Black "Jianu, Vlad"]
[Result "0-1"]
[WhiteElo "2247"]
[BlackElo "2194"]

1.d4 Nf6 2.c4 g6 3.Nf3 Bg7 4.g3 O-O 5.Bg2 d6 6.Nc3 Nbd7 7.O-O e5 8.e4 Ne8
9.Be3 f5 10.Ng5 f4 11.gxf4 exf4 12.Ne6 Qh4 13.Nxf8 Nxf8 14.Bc1 Bg4 15.f3 Bd7
16.Ne2 g5 17.Bd2 Ng6 18.c5 Be6 19.Bc3 Nf6 20.cxd6 cxd6 21.d5 Bd7 22.Qe1 Qh6
23.Nd4 Re8 24.Ne6 Bh8 25.Qf2 g4 26.Bxf6 Bxf6 27.fxg4 Bxe6 28.dxe6 Be5 29.Bf3 Ne7
30.Qxa7 Qxe6 31.Qxb7 Qf6 32.Rab1 Ng6 33.a4 Nh4 34.Kh1 Kh8 35.a5 Qg6 36.a6 Nxf3
37.a7 Nxh2 38.a8=Q Nxg4 39.Qa3 Qh5+ 40.Kg2 Ne3+ 41.Kf2 Qh2+ 42.Ke1 Ng2+ 43.Kd1 Ne3+
44.Ke1 Nc2+ 45.Kd1 Ne3+ 46.Ke1 Qc2 47.Rxf4 Qxb1+ 48.Kd2 Qd1+ 49.Kxe3 Qd4+  0-1

[Event "Manhattan CC-ch"]
[Site "New York"]
[Date "1999.09.24"]
[Round "1"]
[White "Cooke, Eric"]
[Black "Fedorowicz, John P"]
[Result "1/2-1/2"]
[WhiteElo "2250"]
[BlackElo "2565"]

1.d4 Nf6 2.Nf3 g6 3.c4 Bg7 4.g3 O-O 5.Bg2 d6 6.Nc3 Nbd7 7.O-O e5 8.e4 a6
9.b3 b5 10.cxb5 axb5 11.b4 c6 12.Re1 Bb7 13.Rb1 Re8 14.dxe5 Nxe5 15.Nxe5 dxe5
16.Qc2 Nd7 17.Rd1 Qe7 18.a4 bxa4 19.Nxa4 Nf8  1/2-1/2

[Event "Manhattan CC-ch"]
[Site "New York"]
[Date "1999.09.25"]
[Round "2"]
[White "Fedorowicz, John P"]
[Black "Santana, Joan"]
[Result "1-0"]
[WhiteElo "2565"]
[BlackElo "2213"]

1.d4 Nf6 2.Nf3 g6 3.c4 Bg7 4.g3 O-O 5.Bg2 d6 6.O-O Nc6 7.Nc3 e5 8.d5 Ne7
9.c5 Nd7 10.cxd6 cxd6 11.e4 f5 12.Ng5 Nf6 13.exf5 gxf5 14.Qb3 h6 15.Ne6 Bxe6
16.dxe6 d5 17.Qxb7 Qd6 18.Qb3 Rab8 19.Qd1 Qxe6 20.Re1 d4 21.Na4 Qd6 22.b3 Rfd8
23.Bb2 a6  1-0

[Event "Tatry op"]
[Site "Tatranska Lomnica"]
[Date "1999.10.05"]
[Round "4"]
[White "Volodin, Viktor"]
[Black "Tikovsky, Alexandr"]
[Result "1/2-1/2"]
[WhiteElo "2296"]
[BlackElo "2112"]

1.Nf3 g6 2.c4 Bg7 3.d4 d6 4.g3 Nf6 5.Bg2 O-O 6.O-O Na6 7.Nc3 c5 8.b3 Bg4
9.h3 Bxf3 10.Bxf3 cxd4 11.Qxd4 Nc5 12.Bb2 Nfe4 13.Qe3 Nxc3 14.Bxc3 Bxc3 15.Qxc3 Qc7
16.Rac1 Rac8 17.Rfd1 Nd7 18.Qd2 Qb6 19.Qh6 Rc7 20.h4 Ne5 21.Kg2 Nxf3 22.exf3 Rc5
23.Qe3 Qc7 24.Re1 Re8 25.Rcd1 a6 26.Qf4 Rd8 27.Rd2 b5 28.cxb5 axb5 29.Ra1 Ra8  1/2-1/2

[Event "EU-ch U20 Girls"]
[Site "Patras"]
[Date "1999.10.06"]
[Round "2"]
[White "Matnadze, Ana"]
[Black "Dacalor, Aurelie"]
[Result "1-0"]
[WhiteElo "2280"]
[BlackElo "2131"]

1.d4 Nf6 2.c4 g6 3.Nf3 Bg7 4.g3 O-O 5.Bg2 d6 6.O-O c6 7.Nc3 Qb6 8.b3 e5 9.d5 cxd5
10.cxd5 e4 11.Nd4 Bf5 12.Be3 Qa5 13.Nxf5 gxf5 14.Bd4 Nbd7 15.Bh3 Nb6 16.Bxf5 Rfe8
17.Bxf6 Bxf6 18.Nxe4 Bxa1 19.Qxa1 Re5 20.Nf6+ Kf8 21.e4 Ke7 22.Ng4 Rxf5 23.exf5 Nxd5
24.Qg7 Qc3 25.f6+ Ke6 26.Qxh7 Nxf6 27.Qh6 Rg8 28.Nxf6 Qxf6 29.Re1+ Kf5 30.Qh3+ Kg6
31.Re4 Kg7 32.Rg4+ Kf8 33.Rc4 Qg6 34.Qc8+ Ke7 35.Qxb7+ Kf6 36.Qd7 Qd3 37.Rf4+ Ke5
38.Qe7+ Kd5 39.Qxf7+  1-0

[Event "Tatry op"]
[Site "Tatranska Lomnica"]
[Date "1999.10.07"]
[Round "6"]
[White "Volodin, Viktor"]
[Black "Tejkal, Jiri"]
[Result "1-0"]
[WhiteElo "2296"]
[BlackElo "2136"]

1.Nf3 Nf6 2.c4 g6 3.d4 Bg7 4.g3 d6 5.Bg2 O-O 6.O-O Nc6 7.Nc3 a6 8.b3 Rb8
9.e3 Bd7 10.Qe2 e5 11.dxe5 dxe5 12.Ng5 h6 13.Nge4 Nxe4 14.Nxe4 Qe7 15.Bb2 Nd8
16.a4 Nc6 17.Ba3 Nb4 18.Nc3 a5 19.Nd5 Qc5 20.Qd2 Rfd8 21.Nxb4 axb4 22.Bxb4 Qa7
23.Be7 Qb6 24.Bxd8 Rxd8 25.Bh3 f5 26.Qc2 Bc6 27.Bg2 e4 28.Rad1 Re8 29.Rd2 Qc5
30.Rb1 Qb4 31.Rbd1 Bf6 32.c5 Re5 33.Rc1 Bd5 34.Bf1 Kg7 35.Rd4 Qa3 36.Bc4 Bc6
37.Qd1 Rxc5 38.Rd7+ Kh8 39.Rxc7 Qb2 40.Rc8+ Kg7 41.Rc2 Qa3 42.Qd6  1-0

[Event "Budapest FS10 IM"]
[Site "Budapest"]
[Date "1999.10.08"]
[Round "7"]
[White "Muehlbach, Peter"]
[Black "Zimmerman, Yuri"]
[Result "0-1"]
[WhiteElo "2198"]
[BlackElo "2440"]

1.d4 d6 2.Nf3 g6 3.g3 Bg7 4.Bg2 Nf6 5.c4 O-O 6.Nc3 Nc6 7.O-O a6 8.d5 Na5
9.Nd2 c5 10.Qc2 Rb8 11.b3 b5 12.Bb2 bxc4 13.bxc4 Bh6 14.f4 e5 15.dxe6 Bxe6
16.Nd5 Rxb2 17.Qxb2 Bg7 18.Qc1 Ng4 19.Rb1 Re8 20.e4 f5 21.e5 dxe5 22.h3 exf4
23.Rxf4 g5 24.Rf1 Bd4+ 25.Kh1 Ne3 26.Re1 Nxg2 27.Kxg2 Nxc4 28.Nxc4 Bxd5+
29.Kh2 Rxe1 30.Qxe1 Bxc4 31.Rb7 Bf7 32.Qb1 Qd5 33.Rb8+ Kg7 34.a3  0-1

[Event "World Cities-ch 2nd"]
[Site "Shenyang"]
[Date "1999.10.08"]
[Round "8"]
[White "Khasin, Alexander"]
[Black "Atanu, Lahiri"]
[Result "1-0"]
[WhiteElo "2511"]
[BlackElo "2395"]

1.c4 g6 2.Nf3 Bg7 3.d4 Nf6 4.g3 O-O 5.Bg2 d6 6.Nc3 Nbd7 7.O-O e5 8.e4 exd4
9.Nxd4 Re8 10.Re1 a6 11.b3 Rb8 12.Bb2 c5 13.Nc2 Ne5 14.h3 b5 15.cxb5 axb5
16.f4 Ned7 17.Qxd6 Nh5 18.g4 Rb6 19.Qd2 b4 20.Na4 Bxb2 21.Nxb2 Qf6 22.Nc4 Nxf4
23.Nxb6 Nxb6 24.e5 Rxe5 25.Rxe5 Qxe5 26.Re1 Qf6 27.Re8+ Kg7 28.Qd8 Qxd8 29.Rxd8 Nxg2
30.Kxg2 Be6 31.Rd6 Nd7 32.Ne3 Kf6 33.Nc4 Ne5 34.Na5 Ke7 35.Ra6 g5 36.Kg3 f5
37.Nc6+  1-0

[Event "Seeburg op 1st"]
[Site "Lucern"]
[Date "1999.10.11"]
[Round "6"]
[White "Almada, Enrique"]
[Black "Zueger, Beat"]
[Result "1/2-1/2"]
[WhiteElo "2323"]
[BlackElo "2434"]

1.d4 Nf6 2.Nf3 d6 3.c4 g6 4.g3 Bg7 5.Bg2 O-O 6.O-O a6 7.Nc3 c6 8.h3 b5 9.b3 Nbd7
10.Be3 Rb8 11.Nd2 Bb7 12.Rc1 Qa5 13.Rc2 c5 14.dxc5 Bxg2 15.Kxg2 Nxc5 16.Bd4 Ncd7
17.e4 e6 18.Ne2 b4 19.Qa1 Qc7 20.f3 e5 21.Bf2 d5 22.exd5 Nxd5 23.Qd1 N5f6
24.g4 Rbd8 25.Ng3 Bh6 26.Nde4 Nxe4 27.Nxe4 f5  1/2-1/2

[Event "Asia-chT"]
[Site "Shenyang"]
[Date "1999.10.12"]
[Round "4"]
[White "Gibbons, Robert"]
[Black "Luo Wei"]
[Result "0-1"]
[WhiteElo "2200"]
[BlackElo "2169"]

1.d4 Nf6 2.c4 g6 3.g3 Bg7 4.Bg2 O-O 5.Nf3 d6 6.O-O Nc6 7.Nc3 a6 8.Bg5 Rb8
9.Qd2 b5 10.cxb5 axb5 11.Bxf6 Bxf6 12.Nd5 Bg7 13.Rac1 Bb7 14.Nxc7 Qxc7 15.d5 Qb6
16.dxc6 Bxc6 17.a3 Rfc8 18.Ne1 Bxg2 19.Nxg2 Qd4 20.Rxc8+ Rxc8 21.Qxd4 Bxd4
22.b3 Ra8 23.e3 Be5 24.a4 bxa4 25.bxa4 Rxa4 26.Rd1 Kg7 27.Ne1 Bf6 28.Nd3 e6
29.Kg2 d5 30.Ne1 h5 31.Nf3 Kf8 32.Rb1 Ra7 33.Rc1 Ke7 34.Rc2 Kd7 35.Kf1 e5
36.Ke2 Kd6 37.Ne1 h4 38.g4 h3 39.Rd2 Ra1 40.Rd1 Rxd1 41.Kxd1 e4 42.f4 g5
43.Ke2 Kc5 44.Nc2 Kc4 45.fxg5 Be5 46.Kf2 Kc3 47.Nd4 Bxd4  0-1

[Event "EU-ch U20 Girls"]
[Site "Patras"]
[Date "1999.10.14"]
[Round "9"]
[White "Matnadze, Ana"]
[Black "Zozulia, Anna"]
[Result "0-1"]
[WhiteElo "2280"]
[BlackElo "2353"]

1.d4 g6 2.c4 Nf6 3.Nf3 Bg7 4.g3 O-O 5.Bg2 d6 6.O-O c6 7.Nc3 Bf5 8.Ne1 e5
9.d5 cxd5 10.cxd5 Na6 11.e4 Bg4 12.f3 Bd7 13.Be3 Nh5 14.Nd3 f5 15.Qd2 Nf6
16.Kh1 Rf7 17.b4 b6 18.a4 Qe7 19.Qe2 Raf8 20.Rfb1 fxe4 21.fxe4 Ng4 22.Bg1 h5
23.h3 Nh6 24.Ne1 Nc7 25.a5 bxa5 26.b5 Qg5 27.Qe3 Qd8 28.Qd2 Qc8 29.Kh2 h4
30.Rxa5 hxg3+ 31.Kxg3 Rf4 32.Bxa7 Qd8 33.Kh2 Qh4 34.Qd3 Ng4+ 35.Kg1 Nf2 36.Bxf2 Qxf2+
37.Kh1 Qh4 38.Ra2 Na8 39.Rab2 Bh6 40.Re2 Bxh3 41.Qxh3 Rf1+ 42.Bxf1 Rxf1+
43.Kg2 Rg1+ 44.Kxg1 Qxh3 45.Nd1 Nb6 46.Rbb2 Bc1 47.Rb1 Ba3 48.Ne3  0-1

[Event "Asia-chT"]
[Site "Shenyang"]
[Date "1999.10.14"]
[Round "6"]
[White "Irzhanov, Ruslan"]
[Black "Ortiz, Eduardo"]
[Result "1-0"]
[WhiteElo "2536"]
[BlackElo "2358"]

1.d4 Nf6 2.c4 g6 3.Nf3 Bg7 4.g3 O-O 5.Bg2 d6 6.O-O c5 7.Nc3 Qb6 8.b3 cxd4
9.Nxd4 Nc6 10.Nc2 Qa5 11.Nd5 Nxd5 12.cxd5 Nb8 13.Nd4 Na6 14.Bd2 Qd8 15.Bc3 Bd7
16.Qd2 Nc5 17.e4 Qb6 18.Rfe1 a5 19.Rab1 Rfc8 20.a4 e6 21.dxe6 fxe6 22.Bf1 Nd3
23.Qxd3 Rxc3 24.Qxc3 Bxd4 25.Qc2 Rf8 26.Re2 d5 27.exd5 exd5 28.Bg2 Bc6 29.Rd1 Rf5
30.Bh3 Rf6 31.Qd2 Bc5 32.Be6+ Kg7 33.Bxd5 Bxf2+ 34.Kg2 Qc5 35.Bxc6 Qxc6+
36.Qd5 Bc5 37.Qxc6 bxc6 38.Rd7+ Kh6 39.h4  1-0

[Event "Asia-chT"]
[Site "Shenyang"]
[Date "1999.10.14"]
[Round "6"]
[White "Khamdamov, Suhrob"]
[Black "Luo Wei"]
[Result "0-1"]
[WhiteElo "2157"]
[BlackElo "2169"]

1.c4 Nf6 2.d4 g6 3.Nf3 Bg7 4.g3 O-O 5.Bg2 d6 6.O-O Nc6 7.b3 e5 8.Bb2 e4 9.Ne1 Re8
10.Nc2 h5 11.Nc3 Bf5 12.Ne3 Qd7 13.Nxf5 Qxf5 14.Nb5 Re7 15.d5 Ne5 16.c5 Qd7
17.cxd6 cxd6 18.a4 a6 19.Na3 h4 20.f4 exf3 21.exf3 hxg3 22.hxg3 Nh5 23.f4 Nf3+
24.Qxf3 Bxb2 25.Ra2 Bd4+ 26.Kh2 Rae8 27.f5 Re3 28.Qd1 Nxg3 29.Qxd4 Nxf1+
30.Bxf1 Qxf5 31.Nc4 R8e4 32.Qd2 Qxf1 33.Nxe3 Qf4+  0-1

[Event "Wichern op 5th"]
[Site "Hamburg"]
[Date "1999.10.19"]
[Round "6"]
[White "Voelzke, Ferdinand"]
[Black "Schulz, Wolfgang"]
[Result "1-0"]
[WhiteElo "2265"]
[BlackElo "2120"]

1.Nf3 g6 2.g3 Bg7 3.d4 Nf6 4.Bg2 O-O 5.c4 d6 6.Nc3 c6 7.O-O Qb6 8.h3 Bf5
9.b3 e5 10.Be3 Qa5 11.Qd2 Na6 12.Rac1 Rad8 13.Rfd1 Rfe8 14.Bg5 exd4 15.Nxd4 Bc8
16.Bxf6 Bxf6 17.Nd5 Qxd2 18.Nxf6+  1-0

[Event "Wch U14"]
[Site "Oropesa del Mar"]
[Date "1999.10.29"]
[Round "6"]
[White "Gagunashvili, Merab"]
[Black "Alekseev, Evgeny"]
[Result "1/2-1/2"]
[WhiteElo "2247"]
[BlackElo "2400"]

1.d4 Nf6 2.c4 g6 3.Nf3 Bg7 4.g3 O-O 5.Bg2 d6 6.Nc3 Nbd7 7.O-O e5 8.e4 a6
9.h3 b5 10.dxe5 dxe5 11.Qe2 c6 12.Rd1 Qe7 13.b3 Bb7 14.Bb2 Rfd8 15.Rac1 Nf8
16.cxb5 cxb5 17.Ne1 h5 18.h4 Rxd1 19.Rxd1 Rd8 20.Rxd8 Qxd8 21.Nd3 Qd6 22.a4 Ne6
23.axb5 Nd4 24.Qd1 axb5 25.f3 Nd7 26.Kh1 Bc6 27.Ne2 Ne6 28.Bc3 Ndc5 29.Nec1 Nxd3
30.Qxd3 Qc5 31.Qd2 Bh6 32.Qe1 b4 33.Bd2 Bxd2 34.Qxd2 Nd4 35.Na2  1/2-1/2

[Event "Wch U14"]
[Site "Oropesa del Mar"]
[Date "1999.11.01"]
[Round "8"]
[White "Gagunashvili, Merab"]
[Black "Moradiabadi, A."]
[Result "1-0"]
[WhiteElo "2247"]
[BlackElo "2094"]

1.d4 Nf6 2.c4 g6 3.Nf3 Bg7 4.g3 O-O 5.Bg2 d6 6.Nc3 Nbd7 7.O-O e5 8.e4 exd4
9.Nxd4 Re8 10.Re1 Nc5 11.h3 c6 12.Qc2 a5 13.Be3 Qe7 14.Rad1 a4 15.b4 axb3
16.axb3 Nh5 17.b4 Ne6 18.Nde2 Ra3 19.Qb2 Ra8 20.Qb3 h6 21.Na4 Ng5 22.g4 Nf6
23.Nb6 Rb8 24.Bf4 Nfxe4 25.Ng3 Qf6 26.Nxe4 Rxe4 27.Rxe4 Nxe4 28.Qe3 Nc3 29.Rd2 Be6
30.c5 Na4 31.Bxd6 Nxb6 32.cxb6 Qa1+ 33.Kh2 Rd8 34.f4 Qc1 35.Qf2 Bf8 36.Rc2 Qxc2
37.Qxc2 Bxd6 38.b5 Bxf4+ 39.Kh1 cxb5 40.Bxb7 b4 41.Qe4 Rd1+ 42.Kg2 b3 43.Qxf4 b2
44.Be4 Bd5 45.Bxd5  1-0

[Event "Chigorin mem"]
[Site "St Petersburg"]
[Date "1999.11.03"]
[Round "2"]
[White "Shvedov, Sergey"]
[Black "Zakharevich, Igor"]
[Result "0-1"]
[WhiteElo "2340"]
[BlackElo "2523"]

1.d4 g6 2.Nf3 Bg7 3.c4 Nf6 4.g3 O-O 5.Bg2 d6 6.O-O Nbd7 7.Qc2 e5 8.Rd1 Qe7
9.Nc3 c6 10.e4 exd4 11.Nxd4 Re8 12.Bf4 Ne5 13.b3 Nfd7 14.h3 Nc5 15.Rac1 a5
16.a3 Qf6 17.Be3 a4 18.Nxa4 Nxa4 19.bxa4 Nd7 20.Nf3 Qe7 21.Bf4 Ne5 22.Nd4 Ra6
23.Kh1 c5 24.Nb5 Be6 25.Bxe5 Bxe5 26.f4 Bg7 27.Rd2 Rea8 28.f5 Bd7 29.Rcd1 Be5
30.g4 Bxb5 31.cxb5 Rxa4 32.fxg6 hxg6 33.Rf1 Rxa3 34.Rdf2 Qh4 35.Qc4 Qg3 36.Qxf7+ Kh8
37.Rf4 Ra2  0-1

[Event "Budapest FS11 IM"]
[Site "Budapest"]
[Date "1999.11.06"]
[Round "1"]
[White "Cooke, Eric"]
[Black "Resika, Nathan A"]
[Result "1-0"]
[WhiteElo "2250"]
[BlackElo "2251"]

1.d4 d6 2.Nf3 g6 3.g3 Bg7 4.Bg2 Nf6 5.c4 O-O 6.Nc3 Nc6 7.d5 Na5 8.Nd2 c5
9.Qc2 a6 10.b3 Rb8 11.Bb2 b5 12.Rb1 bxc4 13.bxc4 Bh6 14.f4 e5 15.dxe6 fxe6
16.Nce4 Nxe4 17.Nxe4 Rxb2 18.Rxb2 Bg7 19.Rb1 Bd4 20.h4 d5 21.Nd2 Be3 22.Bf3 Nc6
23.Qd3 Nd4 24.Kf1 Nf5 25.Kg2 Bd4 26.Nf1 dxc4 27.Qxc4 Nd6 28.Qc1 Qc7 29.e3 Bg7
30.Nd2 Bb7 31.Bxb7 Nxb7 32.Qc4 Qd7 33.Rhd1 Nd6 34.Qxa6 Qe7  1-0